000 00326 a2200109 4500
001 ART_12551
005 20260410161907.0
008 260409a
245 1 0 _aTechnology Transfer by Multinational Firms
100 1 _aTeege, D. J.
773 0 _tThe Economic Journal
_g- Vol. 87, NÂș 346 (jun. 1977)
_wREV12512
999 _c26446
_d26446